000 00904nam a2200277Ia 4500
003 OSt
005 20220928131124.0
006 a|||||r|||| 00| 0
007 ta
008 220927b |||||||| |||| 00| 0 eng d
020 _cINR 695.00
024 _a144575
037 _b082, 10/03/2021, Classic Book Service
_cTextual
040 _aSDCL
_cSDCL
_beng
041 _2eng
_aeng
082 _aY5927, R0
100 _aMisrahi-Barak Judith Ed.
_9464435
245 0 _aDalit text
_b Aesthetics and politics re-imagined
260 _aLondon
_bRoutledge
_c2020
300 _axxiv, 238p.
_ccm.
650 _aPolitical Science
700 _a Satyanarayana K. Ed.
_9446806
700 _a Thiara Nicole Ed.
_9477224
942 _hY5927, R0
_cTEXL
_2CC
999 _c789690
_d789690